Microsoft Proxy Server 2.0 Training

Enregistré dans:
Détails bibliographiques
Format: Livre
Langue:anglais
Publié: Redmond : Microsoft Press, 1998
Sujets:
Tags: Ajouter un tag
Pas de tags, Soyez le premier à ajouter un tag!

MARC

LEADER 00000nam a22000003a 4500
001 stu52731
005 20240221121057.2
008 000322s1998----xxu-----------------eng-d
020 |a 1-57231-731-0 
040 |a STU  |b slo 
041 0 |a eng 
044 |a xxu 
080 |a 519.68 
080 |a 681.324.066 MS IIS 
084 |a B6210L  |2 INS 
084 |a C5620  |2 INS 
084 |a C5640  |2 INS 
084 |a C6150N  |2 INS 
245 |a Microsoft Proxy Server 2.0 Training 
260 |a Redmond :  |b Microsoft Press,  |c 1998 
650 7 |a sieťové operačné systémy  |2 stusub 
650 7 |a internet  |2 stusub 
650 7 |a servery  |2 stusub 
650 7 |a Windows NT  |2 stusub 
650 7 |a MS IIS  |2 stusub 
996 |b 284EK83216  |c E*83216  |l EELSDV  |s P  |a 0  |w stu52731_0001